000
00321nam a2200133Ia 4500
008
240624s9999 xx 000 0 und d
041
_a
eng
082
_a
160 BAR
100
_a
BARONETT STAN
245
_a
LOGIC
260
_c
2009
_a
New Delhi
_b
Pearson Education
300
_a
xii, : 463 : p. : cm. ; 25
365
_c
RS
_b
30
999
_c
15649
_d
15649